000 01007nas a2200313 4500
001 BR2022000881
003 BR-BrBNA
005 20231205132318.0
007 ta
008 230509b bl.|||p| |||| 00| 00por d
040 _aBR-BrBNA
_bpor
_cBiblioteca Nacional de Agricultura
041 _a(En)
072 _aL73; M12
100 1 _aDias, M.K.R.
100 1 _aNeves, L.R.
100 1 _aMarinho, R.G.B.
100 1 _aTavares-Dias, M.
245 1 _aParasitic infections in tambaqui from eight fish farms in Northern Brazil
650 _aTAMBAQUI
650 _aPISCICULTURA
650 _aPARASITO
650 _aPROTOZOÁRIO
650 _aQUALIDADE DA ÁGUA
650 _aSANIDADE ANIMAL
773 0 _tArquivo Brasileiro de Medicina Veterinária e Zootecnia (Brazil)
_xISSN 1678-4162
_g(2015), v. 67(4) p. 1070-1076
_wBR2022000881
856 4 0 _uhttps://www.scielo.br/j/abmvz/a/VP4BvM3HVqHTxpyF5S3r73v/?format=pdf lang=en
909 _a202311
_bLúcia
_c55
_dLúcia Elande
942 _2AGRIS
_n0
_cANA
999 _c259638
_d259638